<?xml version="1.0" encoding="UTF-8"?>
<record
    xmlns:xsi="http://www.w3.org/2001/XMLSchema-instance"
    xsi:schemaLocation="http://www.loc.gov/MARC21/slim http://www.loc.gov/standards/marcxml/schema/MARC21slim.xsd"
    xmlns="http://www.loc.gov/MARC21/slim">

  <leader>01568nam a22002657aa4500</leader>
  <datafield tag="952" ind1=" " ind2=" ">
    <subfield code="0">0</subfield>
    <subfield code="1">0</subfield>
    <subfield code="4">0</subfield>
    <subfield code="7">0</subfield>
    <subfield code="a">03</subfield>
    <subfield code="b">03</subfield>
    <subfield code="d">2015-08-06</subfield>
    <subfield code="l">3</subfield>
    <subfield code="o">BF318 D7918 2007</subfield>
    <subfield code="p">03 008237</subfield>
    <subfield code="r">2019-10-30</subfield>
    <subfield code="s">2019-10-30</subfield>
    <subfield code="t">1</subfield>
    <subfield code="w">2015-08-06</subfield>
    <subfield code="y">LB</subfield>
  </datafield>
  <datafield tag="952" ind1=" " ind2=" ">
    <subfield code="0">0</subfield>
    <subfield code="1">0</subfield>
    <subfield code="2">lcc</subfield>
    <subfield code="4">0</subfield>
    <subfield code="7">0</subfield>
    <subfield code="a">01</subfield>
    <subfield code="b">01</subfield>
    <subfield code="d">2018-10-31</subfield>
    <subfield code="l">0</subfield>
    <subfield code="o">BF318 D79 2007</subfield>
    <subfield code="p">24 000853</subfield>
    <subfield code="r">2023-01-20</subfield>
    <subfield code="t">1</subfield>
    <subfield code="w">2018-10-31</subfield>
    <subfield code="y">LB</subfield>
  </datafield>
  <datafield tag="999" ind1=" " ind2=" ">
    <subfield code="c">97558</subfield>
    <subfield code="d">97558</subfield>
  </datafield>
  <controlfield tag="008">150806s2007    mx ||||| |||| 00| 0 spa d</controlfield>
  <datafield tag="020" ind1=" " ind2=" ">
    <subfield code="a">970666453X</subfield>
  </datafield>
  <datafield tag="050" ind1=" " ind2=" ">
    <subfield code="a">BF318 </subfield>
    <subfield code="b">D7918 2007</subfield>
  </datafield>
  <datafield tag="100" ind1=" " ind2=" ">
    <subfield code="a">Dryden, Gordon</subfield>
    <subfield code="e">autor</subfield>
  </datafield>
  <datafield tag="240" ind1=" " ind2=" ">
    <subfield code="a">The learning reolution to change the way the world learns</subfield>
    <subfield code="l">espa&#xF1;ol</subfield>
  </datafield>
  <datafield tag="245" ind1=" " ind2=" ">
    <subfield code="a">La revoluci&#xF3;n del aprendizaje</subfield>
    <subfield code="b"> : para cambiar la forma de aprender en el mundo</subfield>
    <subfield code="c"> / Gordon Dryden y Jeannette Vos ; traduccion Alma Alexandra Garcia y Tziviah Aguilar Aks </subfield>
  </datafield>
  <datafield tag="260" ind1=" " ind2=" ">
    <subfield code="a">M&#xE9;xico</subfield>
    <subfield code="b"> : Tomo</subfield>
    <subfield code="c">, 2007</subfield>
  </datafield>
  <datafield tag="300" ind1=" " ind2=" ">
    <subfield code="a">572 p&#xE1;ginas</subfield>
    <subfield code="b"> : ilustraciones</subfield>
  </datafield>
  <datafield tag="504" ind1=" " ind2=" ">
    <subfield code="a">Referencias: (pp. 543-556) </subfield>
  </datafield>
  <datafield tag="505" ind1=" " ind2=" ">
    <subfield code="a">El futuro
&#xBF;Por qu&#xE9; no el mejor?
Conoce tu maravilloso cerebro
Una gu&#xED;a de "h&#xE1;galo usted mismo"
C&#xF3;mo tener grandes ideas
Justo desde el principio
Los a&#xF1;os vitales
El secreto de secretos del aprendizaje
El aprendizaje verdadero; la manera r&#xE1;pida y divertida
H&#xE1;galo con estilo
Pero, &#xBF;qu&#xE9; pasa si comienza tarde?
C&#xF3;mo resolver el problema de la deserci&#xF3;n
La planeaci&#xF3;n de las escuelas del ma&#xF1;ana
El mundo de los negocios del ma&#xF1;ana
&#xA1;H&#xE1;galo!


 
</subfield>
  </datafield>
  <datafield tag="519" ind1=" " ind2=" ">
    <subfield code="a">Plan Flexible /
</subfield>
    <subfield code="b">Bachillerato T&#xE9;cnico en Contadur&#xED;a IPN / </subfield>
    <subfield code="c">Orientaci&#xF3;n Juvenil y Profesional I (N1-I-3) / </subfield>
    <subfield code="d">(24 000853)</subfield>
  </datafield>
  <datafield tag="519" ind1=" " ind2=" ">
    <subfield code="a">Material Complementario /</subfield>
    <subfield code="d">(03 008237)</subfield>
  </datafield>
  <datafield tag="650" ind1=" " ind2="0">
    <subfield code="a">PSICOLOG&#xCD;A DEL APRENDIZAJE </subfield>
  </datafield>
  <datafield tag="650" ind1=" " ind2="0">
    <subfield code="a">INNOVACIONES EDUCATIVAS</subfield>
  </datafield>
  <datafield tag="650" ind1=" " ind2="0">
    <subfield code="a">TECNOLOG&#xCD;A EDUCATIVA</subfield>
  </datafield>
  <datafield tag="700" ind1=" " ind2=" ">
    <subfield code="a">Vos, Jeannette</subfield>
    <subfield code="e">autor</subfield>
  </datafield>
  <datafield tag="700" ind1=" " ind2=" ">
    <subfield code="a">Garc&#xED;a, Alma Alexandra</subfield>
    <subfield code="e">traductor</subfield>
  </datafield>
  <datafield tag="700" ind1=" " ind2=" ">
    <subfield code="a">Aguilar Ask, Tziviah</subfield>
    <subfield code="e">traductor</subfield>
  </datafield>
  <datafield tag="942" ind1=" " ind2=" ">
    <subfield code="c">LB</subfield>
    <subfield code="2">lcc</subfield>
  </datafield>
</record>
